| 000 | 00000nam##2200000za#4500 |
| 001 | 9.604059 |
| 003 | CaOODSP |
| 005 | 20260128153024 |
| 007 | cr ||||||||||| |
| 008 | 150406|2007||||xxc|||||o f|0| 0 fre|d |
| 022 | |a1488-545X |
| 040 | |aCaOODSP|bfre |
| 043 | |an-cn--- |
| 086 | 1 |aFs97-6/2695F-PDF |
| 110 | 2 |aInstitut Maurice-Lamontagne. |
| 245 | 10|aRecensements de l'huître américaine (Crassostrea virginica) dans le bassin aux Huîtres et la baie Clarke aux Îles-de-la-Madeleine, Québec / |h[ressource électronique]|c[par] Michel Giguère ... [et al.]. |
| 260 | |aMont-Joli - Québec : |bPêches et Océans Canada. |cc2007. |
| 300 | |a58p.|bcartes en couleur, graphiques, références, tableaux |
| 490 | 1 |aRapport technique canadien des sciences halieutiques et aquatiques|x1488-545X|vN° 2695 |
| 500 | |aLe n° de catalogue (Fs97-6/2695F) de l'édition imprimée a été incorrectement copié dans cette édition électronique. |
| 546 | |a(Abstract in English) |
| 590 | |a12-24-Supp|b2012-05-30 |
| 720 | 1 |aGiguère, Michel |
| 776 | 0#|tRecensements de l'huître américaine (Crassostrea virginica) dans le bassin aux Huîtres et la baie Clarke aux Îles-de-la Madeleine, Québec / |w(CaOODSP)9.627472 |
| 830 | #0|aRapport technique canadien des sciences halieutiques et aquatiques,|x1488-545X|vN° 2695|w(CaOODSP)9.500867 |
| 856 | 40|ahttp://publications.gc.ca|qPDF|s700 Ko|uhttps://publications.gc.ca/collections/collection_2012/mpo-dfo/Fs97-6-2695-fra.pdf|yN° 2695 |